00643nam a2200205 a 450000100060000000300080000600500170001400800410003103500190007204000290009104100080012008200330012810000350016124501000019625000120029626000440030830000300035265000280038270000270041046747BD-RjUL20211209054211.0160804m19661951ii 00100 eng d a(BD-RjUL)46866 aCLONEcANLbengdBD-RjUL aeng0 a345.5491002632223bNIP 19661 aNizami, Muhammad Mazhar Hassan14aThe Pakistan penal code (XLV of 1880) /cMuhammad Mazhar Hassan Nizami and Choudhry Fazal-I-Haq a6th ed. aLahore :bLegal Research Centre,c1966, axviii,a66,528p. ;c25 cm. 0aCriminal lawzPakistan. aFazal-I-Haq, Choudhry